Combien de ville du Nord (59) connais-tu ? - Statistiques

Statistiques générales
  • Ce quiz a été pris 59 fois
  • Le résultat moyen est 36 sur 648
Statistiques - réponses
Code postal Ville % Correct
59043 Lille
98%
59100 Roubaix
78%
59140 Dunkerque
73%
59208 Tourcoing
71%
59326 Valenciennes
62%
59500 Douai
56%
59607 Maubeuge
53%
59650 Villeneuve-d'Ascq
49%
59704 Marcq-en-Barœul
44%
59404 Cambrai
40%
59427 Armentières
38%
59723 Denain
36%
59370 Mons-en-Barœul
36%
59358 Orchies
36%
59270 Bailleul
33%
59190 Hazebrouck
33%
59120 Loos
33%
59113 Seclin
33%
59393 Wattrelos
33%
59670 Cassel
31%
59563 La Madeleine
31%
59814 Lesquin
31%
59380 Bergues
29%
59170 Croix
29%
59734 Saint-Amand-les-Eaux
29%
59444 Wasquehal
29%
59123 Bray-Dunes
27%
59760 Grande-Synthe
27%
59130 Lambersart
27%
59780 Baisieux
24%
59910 Bondues
24%
59560 Comines
24%
59820 Gravelines
24%
59530 Le Quesnoy
24%
59320 Haubourdin
22%
59510 Hem
22%
59239 La Neuville
22%
59451 Lys-lez-Lannoy
22%
59112 Annœullin
20%
59155 Faches-Thumesnil
20%
59610 Fourmies
20%
59250 Halluin
20%
59460 Jeumont
20%
59790 Ronchin
20%
59871 Saint-André-lez-Lille
20%
59242 Templeuve-en-Pévèle
20%
59410 Anzin
18%
59210 Coudekerque-Branche
18%
59830 Cysoing
18%
59537 La Bassée
18%
59420 Mouvaux
18%
59360 Neuvilly
18%
59264 Onnaing
18%
59436 Roncq
18%
59184 Sainghin-en-Weppes
18%
59114 Steenvoorde
18%
59175 Templemars
18%
59118 Wambrechies
18%
59637 Wattignies
18%
59440 Avesnes-sur-Helpe
16%
59540 Caudry
16%
59273 Fretin
16%
59254 Ghyvelde
16%
59932 La Chapelle-d'Armentières
16%
59451 Lannoy
16%
59115 Leers
16%
59660 Merville
16%
59880 Saint-Saulve
16%
59211 Santes
16%
59490 Somain
16%
59470 Wormhout
16%
59940 Estaires
13%
59495 Leffrinckoucke
13%
59581 Marly
13%
59246 Mons-en-Pévèle
13%
59960 Neuville-en-Ferrain
13%
59133 Phalempin
13%
59920 Quiévrechain
13%
59590 Raismes
13%
59450 Sin-le-Noble
13%
59690 Vieux-Condé
13%
59780 Camphin-en-Pévèle
11%
59716 Capinghem
11%
59152 Chéreng
11%
59163 Condé-sur-l'Escaut
11%
59242 Genech
11%
59260 Lezennes
11%
59508 Marquette-lez-Lille
11%
59850 Nieppe
11%
59840 Pérenchies
11%
59494 Petite-Forêt
11%
59185 Provin
11%
59890 Quesnoy-sur-Deûle
11%
59262 Sainghin-en-Mélantois
11%
59390 Toufflers
11%
59143 Watten
11%
59136 Wavrin
11%
59119 Waziers
11%
59215 Abscon
9%
59285 Arnèke
9%
59710 Avelin
9%
59570 Bavay
9%
59134 Beaucamps-Ligny
9%
59235 Bersée
9%
59380 Bierne
9%
59299 Boeschepe
9%
59111 Bouchain
9%
59166 Bousbecque
9%
59830 Bouvines
9%
59860 Bruay-sur-l'Escaut
9%
59310 Coutiches
9%
59114 Eecke
9%
59320 Englos
9%
59470 Esquelbecq
9%
59330 Hautmont
9%
59174 La Sentinelle
9%
59126 Linselles
9%
59279 Loon-Plage
9%
59190 Morbecque
9%
59143 Nieurlet
9%
59310 Nomain
9%
59243 Quarouble
9%
59390 Sailly-lez-Lannoy
9%
59496 Salomé
9%
59152 Tressin
9%
59261 Wahagnies
9%
59780 Willems
9%
59123 Zuydcoote
9%
59251 Allennes-les-Marais
7%
59186 Anor
7%
59152 Anstaing
7%
59950 Auby
7%
59620 Aulnoye-Aymeries
7%
59830 Bachy
7%
59221 Bauvin
7%
59630 Bourbourg
7%
59830 Bourghelles
7%
59630 Brouckerque
7%
59190 Caëstre
7%
59213 Capelle
7%
59147 Chemy
7%
59154 Crespin
7%
59282 Douchy-les-Mines
7%
59124 Escaudain
7%
59300 Famars
7%
59510 Forest-sur-Marque
7%
59236 Frelinghien
7%
59970 Fresnes-sur-Escaut
7%
59270 Godewaersvelde
7%
59152 Gruson
7%
59496 Hantay
7%
59198 Haspres
7%
59116 Houplines
7%
59253 La Gorgue
7%
59226 Lecelles
7%
59940 Le Doulieu
7%
59840 Lompret
7%
59720 Louvroil
7%
59550 Maroilles
7%
59710 Mérignies
7%
59270 Méteren
7%
59162 Ostricourt
7%
59273 Péronne-en-Mélantois
7%
59269 Quérénaing
7%
59320 Radinghem-en-Weppes
7%
59114 Saint-Sylvestre-Cappel
7%
59990 Saultain
7%
59990 Sebourg
7%
59380 Socx
7%
59730 Solesmes
7%
59270 Strazeele
7%
59114 Terdeghem
7%
59229 Uxem
7%
59175 Vendeville
7%
59237 Verlinghem
7%
59135 Wallers
7%
59580 Aniche
4%
59151 Arleux
4%
59380 Armbouts-Cappel
4%
59551 Attiches
4%
59300 Aulnoy-lez-Valenciennes
4%
59440 Avesnelles
4%
59670 Bavinchove
4%
59192 Beuvrages
4%
59173 Blaringhem
4%
59470 Bollezeele
4%
59133 Camphin-en-Carembault
4%
59630 Cappelle-Brouck
4%
59242 Cappelle-en-Pévèle
4%
59180 Cappelle-la-Grande
4%
59112 Carnin
4%
59279 Craywick
4%
59187 Dechy
4%
59890 Deûlémont
4%
59272 Don
4%
59320 Emmerin
4%
59710 Ennevelin
4%
59132 Eppe-Sauvage
4%
59193 Erquinghem-Lys
4%
59161 Escaudœuvres
4%
59278 Escautpont
4%
59128 Flers-en-Escrebieux
4%
59270 Flêtre
4%
59249 Fromelles
4%
59147 Gondecourt
4%
59153 Grand-Fort-Philippe
4%
59320 Hallennes-lez-Haubourdin
4%
59670 Hardifort
4%
59134 Herlies
4%
59147 Herrin
4%
59470 Herzeele
4%
59122 Hondschoote
4%
59263 Houplin-Ancoisne
4%
59492 Hoymille
4%
59540 Inchy
4%
59141 Iwuy
4%
59122 Killem
4%
59167 Lallaing
4%
59630 Looberghe
4%
59164 Marpent
4%
59274 Marquillies
4%
59176 Masny
4%
59283 Moncheaux
4%
59182 Montigny-en-Ostrevent
4%
59940 Neuf-Berquin
4%
59400 Niergnies
4%
59230 Nivelle
4%
59670 Ochtezeele
4%
59670 Oxelaëre
4%
59710 Pont-à-Marcq
4%
59380 Quaëdypre
4%
59214 Quiévy
4%
59173 Renescure
4%
59286 Roost-Warendin
4%
59230 Rosult
4%
59270 Saint-Jans-Cappel
4%
59630 Saint-Pierre-Brouck
4%
59730 Saint-Python
4%
59189 Steenbecque
4%
59380 Steene
4%
59181 Steenwerck
4%
59239 Thumeries
4%
59132 Trélon
4%
59271 Viesly
4%
59232 Vieux-Berquin
4%
59830 Wannehain
4%
59380 Warhem
4%
59117 Wervicq-Sud
4%
59670 Winnezeele
4%
59470 Zegerscappel
4%
59670 Zuytpeene
4%
59268 Abancourt
2%
59310 Aix-en-Pévèle
2%
59144 Amfroipret
2%
59269 Artres
2%
59600 Assevent
2%
59249 Aubers
2%
59265 Aubigny-au-Bac
2%
59494 Aubry-du-Hainaut
2%
59310 Auchy-lez-Orchies
2%
59360 Avesnes-les-Aubert
2%
59296 Avesnes-le-Sec
2%
59157 Beauvois-en-Cambrésis
2%
59135 Bellaing
2%
59570 Bellignies
2%
59213 Bermerain
2%
59570 Bermeries
2%
59270 Berthen
2%
59540 Béthencourt
2%
59310 Beuvry-la-Forêt
2%
59189 Boëseghem
2%
59190 Borre
2%
59168 Boussois
2%
59178 Brillon
2%
59470 Broxeele
2%
59199 Bruille-Saint-Amand
2%
59267 Cantaing-sur-Escaut
2%
59169 Cantin
2%
59217 Cattenières
2%
59830 Cobrieux
2%
59680 Colleret
2%
59380 Crochte
2%
59990 Curgies
2%
59173 Ebblinghem
2%
59176 Écaillon
2%
59530 Englefontaine
2%
59320 Ennetières-en-Weppes
2%
59320 Erquinghem-le-Sec
2%
59171 Erre
2%
59320 Escobecques
2%
59247 Féchain
2%
59750 Feignies
2%
59740 Felleries
2%
59179 Fenain
2%
59169 Férin
2%
59148 Flines-lez-Raches
2%
59134 Fournes-en-Weppes
2%
59169 Gœulzin
2%
59570 Gussignies
2%
59178 Hasnon
2%
59121 Haulchin
2%
59255 Haveluy
2%
59660 Haverskerque
2%
59199 Hergnies
2%
59195 Hérin
2%
59143 Holque
2%
59980 Honnechy
2%
59111 Hordain
2%
59171 Hornaing
2%
59470 Houtkerque
2%
59530 Jolimetz
2%
59552 Lambres-lez-Douai
2%
59310 Landas
2%
59530 Landrecies
2%
59360 Le Cateau-Cambrésis
2%
59143 Lederzeele
2%
59470 Ledringhem
2%
59134 Le Maisnil
2%
59740 Liessies
2%
59182 Loffre
2%
59156 Lourches
2%
59830 Louvil
2%
59173 Lynde
2%
59233 Maing
2%
59252 Marquette-en-Ostrevant
2%
59241 Masnières
2%
59158 Maulde
2%
59270 Merris
2%
59143 Millam
2%
59224 Monchaux-sur-Écaillon
2%
59310 Mouchin
2%
59161 Naves
2%
59554 Neuville-Saint-Rémy
2%
59139 Noyelles-lès-Seclin
2%
59970 Odomez
2%
59195 Oisy
2%
59122 Oost-Cappel
2%
59360 Ors
2%
59530 Orsinval
2%
59670 Oudezeele
2%
59146 Pecquencourt
2%
59284 Pitgam
2%
59190 Pradelles
2%
59840 Prémesques
2%
59990 Préseau
2%
59288 Preux-au-Bois
2%
59121 Prouvy
2%
59267 Proville
2%
59554 Raillencourt-Sainte-Olle
2%
59283 Raimbeaucourt
2%
59161 Ramillies
2%
59277 Rieux-en-Cambrésis
2%
59990 Rombies-et-Marchipont
2%
59730 Romeries
2%
59169 Roucourt
2%
59285 Rubrouck
2%
59281 Rumilly-en-Cambrésis
2%
59177 Sains-du-Nord
2%
59670 Sainte-Marie-Cappel
2%
59820 Saint-Georges-sur-l'Aa
2%
59143 Saint-Momelin
2%
59360 Saint-Souplet
2%
59268 Sancourt
2%
59269 Sepmeries
2%
59320 Sequedin
2%
59173 Sercus
2%
59213 Sommaing
2%
59229 Téteghem-Coudekerque-Village
2%
59224 Thiant
2%
59141 Thun-l'Évêque
2%
59554 Tilloy-lez-Cambrai
2%
59870 Tilloy-lez-Marchiennes
2%
59551 Tourmignies
2%
59125 Trith-Saint-Léger
2%
59980 Troisvilles
2%
59218 Vendegies-au-Bois
2%
59213 Vendegies-sur-Écaillon
2%
59730 Vertain
2%
59970 Vicq
2%
59560 Warneton
2%
59670 Wemaers-Cappel
2%
59380 West-Cappel
2%
59134 Wicres
2%
59212 Wignehies
2%
59380 Wylder
2%
59670 Zermezeele
2%
59149 Aibes
0%
59194 Anhiers
0%
59400 Anneux
0%
59265 Aubencheul-au-Bac
0%
59165 Auberchicourt
0%
59570 Audignies
0%
59400 Awoingt
0%
59138 Bachant
0%
59132 Baives
0%
59470 Bambecque
0%
59266 Banteux
0%
59554 Bantigny
0%
59266 Bantouzelle
0%
59440 Bas-Lieu
0%
59360 Bazuel
0%
59530 Beaudignies
0%
59330 Beaufort
0%
59540 Beaumont-en-Cambrésis
0%
59730 Beaurain
0%
59550 Beaurepaire-sur-Sambre
0%
59740 Beaurieux
0%
59740 Bérelles
0%
59145 Berlaimont
0%
59600 Bersillies
0%
59980 Bertry
0%
59600 Bettignies
0%
59570 Bettrechies
0%
59216 Beugnies
0%
59217 Bévillers
0%
59380 Bissezeele
0%
59268 Blécourt
0%
59280 Bois-Grenier
0%
59440 Boulogne-sur-Helpe
0%
59400 Boursies
0%
59222 Bousies
0%
59178 Bousignies
0%
59149 Bousignies-sur-Roc
0%
59217 Boussières-en-Cambrésis
0%
59330 Boussières-sur-Sambre
0%
59870 Bouvignies
0%
59730 Briastre
0%
59490 Bruille-lez-Marchiennes
0%
59151 Brunémont
0%
59144 Bry
0%
59151 Bugnicourt
0%
59137 Busigny
0%
59285 Buysscheure
0%
59161 Cagnoncles
0%
59217 Carnières
0%
59244 Cartignies
0%
59360 Catillon-sur-Sambre
0%
59191 Caullery
0%
59400 Cauroir
0%
59680 Cerfontaine
0%
59230 Château-l'Abbaye
0%
59740 Choisies
0%
59740 Clairfayts
0%
59225 Clary
0%
59552 Courchelettes
0%
59149 Cousolre
0%
59258 Crèvecœur-sur-l'Escaut
0%
59222 Croix-Caluyau
0%
59509 Cuincy
0%
59268 Cuvillers
0%
59680 Damousies
0%
59127 Dehéries
0%
59740 Dimechaux
0%
59216 Dimont
0%
59400 Doignies
0%
59440 Dompierre-sur-Helpe
0%
59440 Dourlers
0%
59630 Drincham
0%
59740 Eccles
0%
59330 Éclaibes
0%
59620 Écuélin
0%
59600 Élesmes
0%
59127 Élincourt
0%
59580 Émerchicourt
0%
59169 Erchin
0%
59470 Eringhem
0%
59213 Escarmain
0%
59127 Esnes
0%
59553 Esquerchin
0%
59400 Estourmel
0%
59151 Estrées
0%
59990 Estreux
0%
59295 Estrun
0%
59161 Eswars
0%
59144 Eth
0%
59219 Étrœungt
0%
59310 Faumont
0%
59610 Féron
0%
59680 Ferrière-la-Grande
0%
59680 Ferrière-la-Petite
0%
59440 Flaumont-Waudrechies
0%
59267 Flesquières
0%
59158 Flines-lès-Mortagne
0%
59440 Floursies
0%
59219 Floyon
0%
59550 Fontaine-au-Bois
0%
59157 Fontaine-au-Pire
0%
59400 Fontaine-Notre-Dame
0%
59222 Forest-en-Cambrésis
0%
59530 Frasnoy
0%
59234 Fressain
0%
59268 Fressies
0%
59530 Ghissignies
0%
59132 Glageon
0%
59600 Gognies-Chaussée
0%
59144 Gommegnies
0%
59231 Gonnelieu
0%
59231 Gouzeaucourt
0%
59244 Grand-Fayt
0%
59287 Guesnain
0%
59151 Hamel
0%
59138 Hargnies
0%
59191 Haucourt-en-Cambrésis
0%
59294 Haussy
0%
59440 Haut-Lieu
0%
59268 Haynecourt
0%
59530 Hecq
0%
59171 Hélesmes
0%
59247 Hem-Lenglet
0%
59740 Hestrud
0%
59190 Hondeghem
0%
59570 Hon-Hergies
0%
59266 Honnecourt-sur-Escaut
0%
59570 Houdain-lez-Bavay
0%
59480 Illies
0%
59144 Jenlain
0%
59570 La Flamengrie
0%
59360 La Groise
0%
59570 La Longueville
0%
59219 Larouillies
0%
59553 Lauwin-Planque
0%
59259 Lécluse
0%
59550 Le Favril
0%
59258 Lesdain
0%
59258 Les Rues-des-Vignes
0%
59620 Leval
0%
59287 Lewarde
0%
59740 Lez-Fontaine
0%
59111 Lieu-Saint-Amand
0%
59191 Ligny-en-Cambrésis
0%
59330 Limont-Fontaine
0%
59530 Locquignol
0%
59530 Louvignies-Quesnoy
0%
59600 Mairieux
0%
59127 Malincourt
0%
59440 Marbaix
0%
59870 Marchiennes
0%
59159 Marcoing
0%
59252 Marcq-en-Ostrevent
0%
59990 Maresches
0%
59238 Maretz
0%
59172 Mastaing
0%
59980 Maurois
0%
59360 Mazinghien
0%
59570 Mecquignies
0%
59470 Merckeghem
0%
59178 Millonfosse
0%
59400 Mœuvres
0%
59620 Monceau-Saint-Waast
0%
59234 Monchecourt
0%
59360 Montay
0%
59225 Montigny-en-Cambrésis
0%
59227 Montrécourt
0%
59158 Mortagne-du-Nord
0%
59132 Moustier-en-Fagne
0%
59330 Neuf-Mesnil
0%
59218 Neuville-en-Avesnois
0%
59293 Neuville-sur-Escaut
0%
59670 Noordpeene
0%
59159 Noyelles-sur-Escaut
0%
59550 Noyelles-sur-Sambre
0%
59282 Noyelles-sur-Selle
0%
59570 Obies
0%
59680 Obrechies
0%
59132 Ohain
0%
59295 Paillencourt
0%
59244 Petit-Fayt
0%
59218 Poix-du-Nord
0%
59360 Pommereuil
0%
59138 Pont-sur-Sambre
0%
59530 Potelle
0%
59144 Preux-au-Sart
0%
59550 Prisches
0%
59680 Quiévelon
0%
59194 Râches
0%
59177 Rainsars
0%
59177 Ramousies
0%
59530 Raucourt-au-Bois
0%
59245 Recquignies
0%
59360 Rejet-de-Beaulieu
0%
59980 Reumont
0%
59122 Rexpoëde
0%
59159 Ribécourt-la-Tour
0%
59870 Rieulay
0%
59550 Robersart
0%
59172 Rœulx
0%
59131 Rousies
0%
59220 Rouvignies
0%
59530 Ruesnes
0%
59226 Rumegies
0%
59554 Sailly-lez-Cambrai
0%
59188 Saint-Aubert
0%
59440 Saint-Aubin
0%
59163 Saint-Aybert
0%
59360 Saint-Benin
0%
59292 Saint-Hilaire-lez-Cambrai
0%
59440 Saint-Hilaire-sur-Helpe
0%
59213 Saint-Martin-sur-Écaillon
0%
59620 Saint-Remy-Chaussée
0%
59330 Saint-Remy-du-Nord
0%
59188 Saint-Vaast-en-Cambrésis
0%
59570 Saint-Waast
0%
59218 Salesches
0%
59310 Saméon
0%
59230 Sars-et-Rosières
0%
59216 Sars-Poteries
0%
59145 Sassegnies
0%
59227 Saulzoir
0%
59440 Sémeries
0%
59440 Semousies
0%
59400 Séranvillers-Forenville
0%
59740 Solre-le-Château
0%
59740 Solrinnes
0%
59380 Spycker
0%
59190 Staple
0%
59550 Taisnières-en-Thiérache
0%
59570 Taisnières-sur-Hon
0%
59189 Thiennes
0%
59163 Thivencelle
0%
59158 Thun-Saint-Amand
0%
59141 Thun-Saint-Martin
0%
59227 Verchain-Maugré
0%
59138 Vieux-Mesnil
0%
59600 Vieux-Reng
0%
59530 Villereau
0%
59234 Villers-au-Tertre
0%
59188 Villers-en-Cauchies
0%
59297 Villers-Guislain
0%
59142 Villers-Outréaux
0%
59231 Villers-Plouich
0%
59530 Villers-Pol
0%
59600 Villers-Sire-Nicole
0%
59470 Volckerinckhove
0%
59870 Vred
0%
59127 Walincourt-Selvigny
0%
59132 Wallers-en-Fagne
0%
59190 Wallon-Cappel
0%
59400 Wambaix
0%
59870 Wandignies-Hamage
0%
59144 Wargnies-le-Grand
0%
59144 Wargnies-le-Petit
0%
59870 Warlaing
0%
59252 Wasnes-au-Bac
0%
59680 Wattignies-la-Victoire
0%
59220 Wavrechain-sous-Denain
0%
59111 Wavrechain-sous-Faulx
0%
59740 Willies
0%
59143 Wulverdinghe
0%
Aucun quiz correspondant
Distribution des résultats
% des personnes avec chaque résultat
Percentile par nombre de réponses
Votre historique - résultats
Vous n’avez pas pris ce quiz